000 00482nam a2200193Ia 4500
003 STCL
008 230726s9999 xx 000 0 und d
020 _a9788182669277
040 _aSTCL
_cSTCL
_bEN
082 _222
100 _aBalakrishnan, C V
245 0 _aഏതേതോ സരണികളിൽ
246 _aEthetho saranikalil
260 _bMathrubhumi Books
_aKozhikode
_c2016
300 _a229 p
365 _b220
546 _aMalayalam
942 _2DDC
_e22
_cBKDDC
999 _c89700
_d89700